00793nam a2200229 450000100060000000300080000600500170001400800410003102000150007203500190008704000320010604100110013808200260014910000230017524501650019825000210036326000390038430000320042350400510045565000170050670000400052330679BD-RjUL20211209051612.0140410s1974 nyub b 001 0 eng  a0394484118 a(BD-RjUL)30766 aDLCcDLCdDLCdBD-RjULbeng1 aengfre00a364.1570904bLAI 19741 aLamour, Catherine.14aThe international connection :bopium from growers to pushers /cby Catherine Lamour and Michel R. Lamberti. Translated from the French by Peter and Betty Ross. a1st American ed. aNew York :bPantheon Books,c1974. aix, 278 p. :bmaps.c22 cm. aIncludes bibliographical references and index. 0aOpium trade.1 aLamberti, Michel R.,ejoint author.